000 01213nam0a22002771 4500
001 rc\195117
005 20250620225739.0
010 _a5-7691-0357-4
_bИн-т экологии растений и животных
_91000
035 _a(NLR Aleph) 005450062
090 _a4847852
_c4847852
100 _a20030307d1993 |||y0rusy50 ca
101 0 _arus
102 _aRU
105 _aa |||||||||
200 1 _aТерриториальные отношения и динамика сообществ птиц в Субарктике
_fРос. АН. Урал. отд-ние. Ин-т экологии растений и животных
210 _aЕкатеринбург
_cНаука. Урал. отд-ние
_cИн-т экологии растений и животных
_d1993
215 _a295, [1] с.
_cил.
_d22
320 _aБиблиогр.: с. 257-282
320 _aУказ. рус. и латин. назв. птиц: с. 283-287
700 1 _7ca
_8rus
_aРябицев
_bВ. К.
_f1944-
_gВадим Константинович
_9186217
_3RU\NLR\AUTH\770186268
801 0 _aRU
_bNLR
_gpsbo
801 1 _aRU
_bELAR
_2rusmarc
852 _aNLR
_j92-5/2964
942 _cBOOK
980 _aNB